[Event "Ubeda op 5th"]
[Site "Ubeda"]
[Date "2000.01.28"]
[Round "10"]
[White "Aronian, Levon"]
[Black "Yandemirov, Valeri"]
[Result "0-1"]
[WhiteElo "2587"]
[BlackElo "2472"]
[PlyCount "48"]
[EventDate "2000.01.19"]
[EventType "swiss"]
[EventRounds "10"]
[EventCountry "ESP"]
[SourceTitle "CBM 075"]
[Source "ChessBase"]
[SourceDate "2000.04.05"]
[SourceVersion "1"]
[SourceVersionDate "2000.04.05"]
[SourceQuality "1"]

1. Nf3 Nf6 2. c4 g6 3. Nc3 d5 4. d4 Bg7 5. e3 O-O 6. Be2 c6 7. O-O dxc4 8. Bxc4
Bg4 9. h3 Bxf3 10. Qxf3 Nbd7 11. Rd1 e5 12. d5 e4 13. Nxe4 Nxe4 14. dxc6 Ne5
15. Qe2 Qb6 16. cxb7 Rad8 17. Bd5 Nf6 18. Bb3 Rxd1+ 19. Qxd1 Rd8 20. Qe2 Ne4
21. Bc2 Qxb7 22. a4 Qb4 23. Kh2 Nd3 24. f4 Nxc1 0-1

[Event "Chigorin Memorial 09th"]
[Site "St Petersburg"]
[Date "2001.10.31"]
[Round "6"]
[White "Yandemirov, Valeri"]
[Black "Moiseenko, Alexander"]
[Result "1-0"]
[WhiteElo "2486"]
[BlackElo "2569"]
[PlyCount "109"]
[EventDate "2001.10.26"]
[EventType "swiss"]
[EventRounds "9"]
[EventCountry "RUS"]
[SourceTitle "EXT 2002"]
[Source "ChessBase"]
[SourceDate "2001.11.25"]
[SourceVersion "1"]
[SourceVersionDate "2001.11.25"]
[SourceQuality "1"]

1. Nf3 c5 2. g3 Nc6 3. d4 cxd4 4. Nxd4 g6 5. Bg2 Bg7 6. Nxc6 bxc6 7. O-O Nf6 8.
Nd2 O-O 9. Nb3 Ba6 10. Nc5 Bc4 11. b3 Bd5 12. Bb2 Bxg2 13. Kxg2 d6 14. Na4 Qa5
15. Qd3 Rfc8 16. c4 Rab8 17. Rac1 h5 18. h4 Ne8 19. Bxg7 Nxg7 20. e4 Ne6 21. f4
Nc5 22. Nxc5 dxc5 23. Rf2 Qd8 24. Qf3 Qf8 25. Qe3 e6 26. f5 exf5 27. exf5 Re8
28. Qf3 Rbd8 29. fxg6 fxg6 30. Qxc6 Qd6 31. Qxd6 Rxd6 32. Rcc2 Kg7 33. Rcd2
Red8 34. Rde2 R8d7 35. Re5 Rc6 36. Re8 a6 37. Kf1 Rf7 38. Rxf7+ Kxf7 39. Re5
Kf6 40. Rd5 a5 41. Ke2 a4 42. bxa4 Ra6 43. Rxc5 Rxa4 44. a3 Rxa3 45. Rg5 Kf7
46. Kd2 Kf6 47. Kc2 Kf7 48. c5 Kf6 49. c6 Ra8 50. Kd3 Rc8 51. Rc5 Ke7 52. c7
Kd6 53. Kd4 Ke6 54. Ke4 Kd6 55. Rc3 1-0

[Event "RUS-Cup 300 years"]
[Site "St Petersburg"]
[Date "2003.10.25"]
[Round "8"]
[White "Brodsky, Michail"]
[Black "Yandemirov, Valeri"]
[Result "0-1"]
[WhiteElo "2559"]
[BlackElo "2483"]
[PlyCount "132"]
[EventDate "2003.10.18"]
[EventType "swiss"]
[EventRounds "9"]
[EventCountry "RUS"]
[SourceTitle "EXT 2004"]
[Source "ChessBase"]
[SourceDate "2003.11.25"]
[SourceVersion "1"]
[SourceVersionDate "2003.11.25"]
[SourceQuality "1"]

1. e4 e5 2. Nf3 Nc6 3. Bb5 a6 4. Ba4 d6 5. Bxc6+ bxc6 6. d4 f6 7. c4 Ne7 8. Nc3
Ng6 9. Be3 Be7 10. O-O O-O 11. h3 Bd7 12. Ne2 f5 13. exf5 Bxf5 14. Ng3 exd4 15.
Nxf5 dxe3 16. Nxe3 Qd7 17. Rc1 Rf4 18. g3 Rf7 19. Ng4 Bf6 20. Rc2 Rd8 21. Nfh2
Qf5 22. Kg2 Bd4 23. Re2 c5 24. h4 h5 25. Ne3 Qe4+ 26. f3 Qb7 27. b3 a5 28. Qc2
Ne7 29. Qd3 Bxe3 30. Qxe3 Nf5 31. Qe4 Qxe4 32. Rxe4 a4 33. f4 axb3 34. axb3 Rb8
35. Rb1 Re7 36. Rxe7 Nxe7 37. Nf3 Nf5 38. Kf2 Kf8 39. Nd2 Ra8 40. Rb2 Ra1 41.
Nf1 Rc1 42. Ra2 Ke7 43. Re2+ Kd7 44. Ne3 Nd4 45. Ra2 Rb1 46. f5 Rxb3 47. Ra8
Rb2+ 48. Kf1 Rb1+ 49. Kf2 Rb2+ 50. Kf1 Re2 51. Nd5 Re8 52. Ra7 Nxf5 53. Rxc7+
Ke6 54. Nf4+ Ke5 55. Nxh5 g6 56. Ng7 Rf8 57. Nxf5 Rxf5+ 58. Ke2 Kd4 59. Rh7
Re5+ 60. Kf2 Kxc4 61. Rh6 d5 62. Rxg6 d4 63. g4 d3 64. h5 Rd5 65. Ke1 Kc3 66.
Ra6 Rg5 0-1

[Event "Moscow Aeroflot op-A"]
[Site "Moscow"]
[Date "2004.02.19"]
[Round "3"]
[White "Yemelin, Vasily"]
[Black "Yandemirov, Valeri"]
[Result "0-1"]
[WhiteElo "2578"]
[BlackElo "2491"]
[PlyCount "64"]
[EventDate "2004.02.17"]
[EventType "swiss"]
[EventRounds "9"]
[EventCountry "RUS"]
[SourceTitle "EXT 2005"]
[Source "ChessBase"]
[SourceDate "2004.11.15"]
[SourceVersion "1"]
[SourceVersionDate "2004.11.15"]
[SourceQuality "1"]

1. e4 e5 2. Nf3 Nc6 3. Bb5 a6 4. Ba4 d6 5. Bxc6+ bxc6 6. d4 f6 7. Nc3 Ne7 8.
Qd3 Ng6 9. h4 h5 10. dxe5 fxe5 11. Bg5 Be7 12. Qc4 Bd7 13. O-O-O Nf8 14. Kb1
Ne6 15. Rh3 Bxg5 16. hxg5 Qe7 17. Rg3 Nf4 18. Nh4 Qf7 19. Qa4 O-O 20. g6 Qe6
21. Rh1 a5 22. Rg5 Rfb8 23. g3 Rb4 24. gxf4 Rxa4 25. Nxa4 Qc4 26. Nf5 Kf8 27.
Nc3 Rb8 28. Rgxh5 Be6 29. R5h3 exf4 30. b3 Bxf5 31. Rh8+ Ke7 32. Rxb8 Qxc3 0-1

[Event "Moscow op 02nd"]
[Site "Moscow"]
[Date "2006.02.05"]
[Round "8"]
[White "Yandemirov, Valeri"]
[Black "Dvoirys, Semen I"]
[Result "1-0"]
[WhiteElo "2503"]
[BlackElo "2551"]
[PlyCount "63"]
[EventDate "2006.01.29"]
[EventType "swiss"]
[EventRounds "9"]
[EventCountry "RUS"]
[SourceTitle "CBM 110 Extra"]
[Source "ChessBase"]
[SourceDate "2006.03.10"]
[SourceVersion "2"]
[SourceVersionDate "2006.03.10"]
[SourceQuality "1"]

1. e4 c5 2. Nf3 Nc6 3. Bb5 g6 4. O-O Bg7 5. c3 a6 6. Bxc6 dxc6 7. d3 Nf6 8. Qe2
O-O 9. a4 a5 10. Na3 b6 11. h3 Ne8 12. Bf4 Nc7 13. Rfd1 Ne6 14. Be5 Bxe5 15.
Nxe5 Qc7 16. Nf3 Ba6 17. Qe3 Rfd8 18. d4 Qf4 19. Qxf4 Nxf4 20. dxc5 bxc5 21.
Ne5 Rd6 22. Nec4 Re6 23. f3 f5 24. e5 Nd5 25. Rd2 Bb7 26. Re1 f4 27. Nc2 g5 28.
Re4 Ra6 29. Ne1 Ne3 30. Nxe3 fxe3 31. Rd8+ Kf7 32. Nd3 1-0

[Event "RUS-ch Higher League 68th"]
[Site "Kaliningrad"]
[Date "2015.06.24"]
[Round "3"]
[White "Kokarev, Dmitry"]
[Black "Yandemirov, Valeri"]
[Result "0-1"]
[WhiteElo "2639"]
[BlackElo "2405"]
[PlyCount "108"]
[EventDate "2015.06.22"]
[EventType "swiss"]
[EventRounds "9"]
[EventCountry "RUS"]
[SourceTitle "EXT 2017"]
[Source "ChessBase"]
[SourceDate "2016.10.25"]
[SourceVersion "1"]
[SourceVersionDate "2016.10.25"]
[SourceQuality "1"]

1. e4 e5 2. Nf3 Nc6 3. Bb5 a6 4. Ba4 Nf6 5. O-O b5 6. Bb3 Bc5 7. c3 d6 8. d4
Bb6 9. a4 Rb8 10. Na3 O-O 11. axb5 axb5 12. Nxb5 Bg4 13. Bc2 Bxf3 14. gxf3 Nh5
15. f4 Nxf4 16. Bxf4 exf4 17. Qg4 Qf6 18. Ra6 Ne7 19. Na3 Ra8 20. Rxa8 Rxa8 21.
Re1 Ng6 22. Nc4 Qe6 23. Qxe6 fxe6 24. Kg2 Kf7 25. Kf3 e5 26. Rd1 Kf6 27. Nxb6
cxb6 28. dxe5+ dxe5 29. h4 Nxh4+ 30. Kg4 Ng6 31. Rd6+ Ke7 32. Rxb6 Nf8 33. Bb3
Nd7 34. Re6+ Kd8 35. Bd5 Ra1 36. b4 Rg1+ 37. Kf3 g5 38. Rh6 g4+ 39. Ke2 f3+ 40.
Kd2 g3 41. fxg3 f2 42. Bc4 f1=Q 43. Bxf1 Rxf1 44. Kd3 Rf3+ 45. Kc4 Rxg3 46.
Rxh7 Re3 47. Rg7 Rxe4+ 48. Kb5 Rf4 49. Kc6 Rf6+ 50. Kd5 Kc7 51. Re7 Rc6 52. b5
Rxc3 53. b6+ Kxb6 54. Ke6 Rc6+ 0-1